Pays qui ne reconnaissent pas l'État de Palestine - Statistiques

Statistiques générales
  • Ce quiz a été pris 2 765 fois
    97 depuis la dernière actualisation
  • Le résultat moyen est 25 sur 41
Statistiques - réponses
Pays % Correct
États-Unis
96%
Hongrie
79%
Allemagne
76%
Israël
76%
Suisse
76%
Japon
75%
Italie
74%
Nouvelle-Zélande
73%
Corée du Sud
71%
Estonie
71%
Grèce
71%
Belgique
70%
Croatie
69%
Fidji
69%
Finlande
69%
Lettonie
69%
Lituanie
68%
Autriche
67%
Tonga
65%
Danemark
64%
République Tchèque
64%
Samoa
63%
Tuvalu
63%
Îles Marshall
62%
Nauru
61%
Îles Salomon
60%
Micronésie
60%
Palaos
60%
Pays-Bas
58%
Kosovo
57%
Liechtenstein
57%
Moldavie
57%
Kiribati
55%
Taïwan
55%
Macédoine du Nord
52%
Papouasie-Nouvelle-Guinée
49%
Birmanie
38%
Singapour
36%
Panama
32%
Erythrée
24%
Cameroun
21%
Aucun quiz correspondant
Distribution des résultats
% des personnes avec chaque résultat
Percentile par nombre de réponses
Votre historique - résultats
Vous n’avez pas pris ce quiz depuis la dernière actualisation